|
|
|
|
| LEADER |
00000ny a22000003n 4500 |
| 005 |
20110526143950.0 |
| 008 |
990113s1998 sp s 000 0 spa c |
| 017 |
|
|
|a Z1103-1998
|
| 020 |
|
|
|a 8476984987
|
| 035 |
|
|
|a 669
|
| 040 |
|
|
|a UMA.DER
|d vLex
|
| 040 |
|
|
|a UMA.RE
|d vLex
|
| 080 |
|
|
|a 347.45
|
| 080 |
|
|
|a 347.762
|
| 090 |
|
|
|c 300
|d 300
|
| 100 |
1 |
|
|a Chuli ̀Vicňt, Eduardo
|
| 245 |
1 |
0 |
|a Aspectos jurd̕icos de los contratos atp̕icos.
|n III,
|p 1. Leasing, 2. Multipropiedad, 3. Hostelera̕, 4. Merchandising
|h [Recurso electrn̤ico]
|c Eduardo Chuli ̀Vicňt, Teresa Beltrǹ Alandete
|
| 256 |
|
|
|a Servicio en ln̕ea
|
| 260 |
|
|
|a Barcelona :
|b Jos ̌Mara̕ Bosch,
|c 1998
|
| 300 |
|
|
|a 494 p. ;
|c 24 cm
|
| 504 |
|
|
|a Incluye referencias bibliogrf̀icas
|
| 504 |
|
|
|a Índice
|
| 506 |
1 |
|
|a Contenido solo disponible en los productos indicados
|d vLex Global
|d vLex Global (Academic Edition, excluding Law Schools)
|d vLex Global (U.S. Academic Edition, Law Schools)
|d vLex Global (U.S. Academic Edition, excluding Law Schools)
|d vLex Global (Academic Edition, Law Schools)
|
| 650 |
0 |
7 |
|a Civil
|2 Tesauro vLex
|
| 650 |
0 |
7 |
|a Contratos atp̕icos
|2 Tesauro vLex
|
| 650 |
0 |
7 |
|a Contratos
|2 Tesauro vLex
|
| 650 |
0 |
7 |
|a Civil
|2 Tesauro vLex
|
| 650 |
0 |
7 |
|a Contrato atp̕ico
|2 Tesauro vLex
|
| 700 |
1 |
|
|a Beltrǹ Alandete, Teresa
|
| 740 |
0 |
|
|a vLex Libros (Servicios en ln̕ea)
|
| 856 |
4 |
0 |
|u http://vlex.com/source/669
|z Acceso restringido
|
| 942 |
|
|
|c BOOK
|
| 999 |
0 |
|
|a Civil Law
|b Barcelona
|